000 00703cam a22002411 4500
999 _c25567
_d25567
001 10279079
005 20170131161740.0
008 731228s1957 dcua f000 0 eng
010 _a 57008812
035 _a(OCoLC)768302
040 _aDLC
_cOClU
_dOCoLC
_dDLC
042 _apremarc
050 0 0 _aLB2321
_b.E43
110 2 _aEducational Policies Commission.
245 1 0 _aHigher education in a decade of decision/
260 _aWashington :
_c[1957]
_bEducational Policies Commision,
300 _a152 p. :
_billus. ;
_c23 cm.
650 0 _aEducation, Higher
906 _a7
_bcbc
_coclcrpl
_du
_encip
_f19
_gy-gencatlg
942 _2lcc
_cBOOKS
_hLB 2321 .E43 1992